LDR 01266naa#a2200169#i#450# 001 RU\\bibl\123416 005 20260705235304.7 011 ## _a1994-4683 100 ## _a20230731b2023####ek#y0rusy0150####ca 102 ## _aRU 200 1# _aЗДОРОВЬЕСБЕРЕГАЮЩИЕ ТЕХНОЛОГИИ НА ЗАНЯТИЯХ ФИЗИЧЕСКОЙ КУЛЬТУРОЙ ОБУЧАЮЩИХСЯ СПЕЦИАЛЬНОЙ МЕДИЦИНСКОЙ ГРУППЫ В СИСТЕМЕ СРЕДНЕГО ПРОФЕССИОНАЛЬНОГО ОБРАЗОВАНИЯ _eЖурнальная статья 210 1# _aМосква _cНациональный государственный Университет физической культуры, спорта и здоровья им. П.Ф. Лесгафта _d2023 215 ## _a4 с. 608 ## _aЖурнальная статья _2local 675 ## _aСреднее специальное образование для подготовки кадров средней квалификации. Средние специальные учебные заведения. Техникумы. Училища. Художественные школы. 377.5 _z 700 #1 _aСемянникова _gВалентина Владимировна 856 4# _auchzapiski.lesgaft.spb.ru _u